| 000 | 02309nam0a2200397 i 4500 | ||
|---|---|---|---|
| 001 | RU\NLR\b_ik\203895 | ||
| 005 | 20260408110545.0 | ||
| 010 |
_a9785859570867 _9150 |
||
| 021 |
_aRU _b2013-58922 _94057 |
||
| 035 | _a(NLR Aleph) 009999667 | ||
| 090 |
_a9785394 _c9785394 |
||
| 100 | _a20130828d2011 k y0rusy50 ba | ||
| 101 | 0 |
_aeng _arus |
|
| 102 | _aRU | ||
| 105 | _aac ||||||||| | ||
| 200 | 1 |
_aPhysico-chemical biology _eIInd International conference, dedicated to the 85th anniversary of academician Dmitri G. Knorre, July 25-29, 2011, Novosibirsk, Russia _e[proceedings] |
|
| 210 |
_aNovosibirsk _cОфсет _d2011 |
||
| 215 |
_a176 с. _cцв. ил., портр. _d21 |
||
| 300 | _aВ надзаг.: Russ. acad. of sciences, Sib. branch Inst. of chem. biology & fundamental medicine | ||
| 300 | _aВ вып. дан.: Физико-химическая биология: сборник материалов II-й международной конференции, посвящена 85-летию академика Дмитрия Георгиевича Кнорре, 25-29 июля 2011 г., Новосибирск, Россия | ||
| 300 | _aТекст на англ. и рус. яз. | ||
| 320 | _aБиблиогр. в конце докл. | ||
| 320 | _aУказ.: с. 157-162 | ||
| 517 | 0 |
_aФизико-химическая биология _eсборник материалов II-й международной конференции, посвящена 85-летию академика Дмитрия Георгиевича Кнорре, 25-29 июля 2011 г., Новосибирск, Россия |
|
| 600 | 1 |
_aКнорре _bД.Г. _f1926 _gДмитрий Георгиевич _92623386 _3RU\NLR\auth\661559946 |
|
| 606 |
_aБиология _jСъезды, совещания и т.п. _xФизико-химические исследования _92460421 _3RU\NLR\auth\661462035 |
||
| 686 | _aЕ07д(2)Кнорре | ||
| 686 | _aЕ071.1я431(0) | ||
| 702 | 1 |
_aKnorre _bD. G. _f1926- _gDmitrij Gejrgievič _4570 |
|
| 711 | 1 | 2 |
_8eng _a"Physico-chemical biology", international conference _d2 _f2011 _eNovosibirsk _7ba _3RU\NLR\AUTH\8810247156 _9380037 |
| 801 | 0 |
_aRU _bNLR _c20130828 _gRCR |
|
| 801 | 1 |
_aRU _bNLR _c20130828 |
|
| 942 | _cBOOK | ||
| 980 | _aNBR | ||